Szczegóły MARC21

England in the late Middle Ages /

003 -Nazwa inst., której nr kontr. jest w polu 001 [,]
    • @
    • Nazwa instytucji, której n kontrolny jest w polu 001
    • NUKAT
005 -DATA I CZAS OSTATNIEJ MODYFIKACJI [,]
    • @
    • pole kontrolne
    • 20241231104828.0
020 -Międzynarod. znormalizowany nr książki - ISBN [ , ]
    • a
    • Numer ISBN
    • 014020234X Find
040 -Instytucja sporządzająca opis [ , ]
    • a
    • Instytucja, która sporządziła opis (NP)
    • SZCZ U/EP
    • b
    • Język katalogowania
    • pol
    • e
    • Zasady katalogowania
    • rda
    • c
    • Instytucja, która sporządziła rekord (NP)
    • SZCZ U/EPs
    • d
    • Instytucja, która zmodyfikowała rekord (P)
    • SZCZ U/ML
044 -Kraj miejsca wydania [ , ]
    • a
    • Kraj miejsca wydania
    • Wielka Brytania po 1988
    • a
    • Kraj miejsca wydania
    • Stany Zjednoczone po 1988
    • a
    • Kraj miejsca wydania
    • Australia
    • a
    • Kraj miejsca wydania
    • Kanada po 1988
    • a
    • Kraj miejsca wydania
    • Nowa Zelandia
942 -Rodzaj dokumentu [ , ]
    • c
    • Rodzaj dokumentu
    • Książka
100 -Hasło główne - nazwa osobowa [1, ]
    • a
    • Nazwa osobowa (NP)
    • Myers, Alec Reginald
    • d
    • Daty biograficzne (NP)
    • (1912-1980).
    • e
    • Rodzaj współpracy
    • Autor
    • 9
    • KHW
    • 490849
245 -Strefa tytułu i oznaczenia odpowiedzialności [1,0]
    • a
    • Tytuł
    • England in the late Middle Ages / Find
    • c
    • Pozostałe elementy strefy tytułu i oznaczenia odpowiedzialności (NP)
    • A. R. Myers.
250 -Strefa wydania [ , ]
    • a
    • Oznaczenie wydania (NP)
    • Eighth Edition. Reprinted.
260 -Strefa adresu wydawniczego [ , ]
    • a
    • Miejsce wydania (P)
    • London ;
    • a
    • Miejsce wydania (P)
    • New York ;
    • a
    • Miejsce wydania (P)
    • Victoria ;
    • a
    • Miejsce wydania (P)
    • Ontario ;
    • a
    • Miejsce wydania (P)
    • Auckland :
    • b
    • Nazwa wydawcy (P)
    • Penguin Books,
    • c
    • Data wydania (P)
    • 1988.
300 -Strefa opisu fizycznego [ , ]
    • a
    • Określenie formy książki i/lub objętość (NP)
    • 285 stron, [24] stony tablic :
    • b
    • Oznaczenie ilustracji (NP)
    • ilustracje ;
    • c
    • Format (NP)
    • 18 cm.
336 -Typ zawartości [ , ]
    • a
    • Termin opisujący typ zawartości
    • Tekst
    • b
    • Kod określający zawartość
    • txt
    • 2
    • Źródło (terminu i kodu)
    • rdacontent
337 -Typ mediów [ , ]
    • a
    • Tryb odtwarzania
    • Bez urządzenia pośredniczącego
    • b
    • Kod typu mediów
    • n
    • 2
    • Źródło (terminu i kodu)
    • rdamedia
338 -Typ/rodzaj nośnika [ , ]
    • a
    • Hasło opisujące typ nośnika
    • Wolumin
    • b
    • Kod typu nośnika
    • nc
    • 2
    • Źródło (terminu i kodu)
    • rdacarrier
490 -Strefa serii i książki wielotomowej - forma nie do wyszukiwania [1, ]
    • a
    • Tytuł (P)
    • The Pelican History of England ; Find
    • v
    • Numeracja (P)
    • 4
830 -Hasło dodatkowe serii i opisu książki wielotomowej - tytuł ujednolicony/tytuł [ ,4]
    • a
    • Tytuł ujednolicony/tytuł (NP)
    • The Pelican History of England
    • v
    • Oznaczenie tomu (NP)
    • 4
    • 9
    • KHW
    • 68298
504 -Uwaga dot. bibliogr. załącznikowej [ , ]
    • a
    • Uwaga dot. bibliografii załącznikowej
    • Bibliografia na stronach 263-269. Indeks.
651 -Hasło przedmiotowe w formie nazwy geograficznej [ ,7]
    • a
    • Nazwa geograficzna
    • Wielka Brytania
    • y
    • Określnik chronologiczny
    • 14 w.
    • 2
    • Źródło terminu
    • kaba
    • 9
    • KHW
    • 135462
651 -Hasło przedmiotowe w formie nazwy geograficznej [ ,7]
    • a
    • Nazwa geograficzna
    • Wielka Brytania
    • y
    • Określnik chronologiczny
    • 1399-1485 (Lancasterowie i Yorkowie).
    • 2
    • Źródło terminu
    • kaba
    • 9
    • KHW
    • 135461
651 -Hasło przedmiotowe w formie nazwy geograficznej [ ,7]
    • a
    • Nazwa geograficzna
    • Wielka Brytania
    • y
    • Określnik chronologiczny
    • 1485-1603 (Tudorowie).
    • 2
    • Źródło terminu
    • kaba
    • 9
    • KHW
    • 135469
710 -Hasło dodatkowe - nazwa ciała zbiorowego [2, ]
    • a
    • Nazwa ciała zbiorowego lub nazwa geograficzna jako pierwszy element (NP)
    • Penguin.
    • e
    • Rodzaj współpracy
    • Wydawca
    • 4
    • Kod relacji
    • pbl
    • 9
    • KHW
    • 51234
920 -ISBN [ , ]
    • a
    • ISBN
    • 0-14-020234-X Find
Lokalizacja Numer inwentarzowy Sygnatura Status udost.
BMA.1251ANG. Historia Wielkiej Bryt. 211